The history of England from the earliest times to the Norman conquest (Record no. 368386)
[ view plain ]
| 000 -LEADER | |
|---|---|
| fixed length control field | 00419cam a22001337a 4500 |
| 008 - FIXED-LENGTH DATA ELEMENTS--GENERAL INFORMATION | |
| fixed length control field | 180718b1906 xxu||||| |||| 00| 0 eng d |
| 082 ## - DEWEY DECIMAL CLASSIFICATION NUMBER | |
| Classification number | A6x42 P759/1 |
| 100 ## - MAIN ENTRY--PERSONAL NAME | |
| Personal name | Hodgkin, Thomas |
| 245 ## - TITLE STATEMENT | |
| Title | The history of England from the earliest times to the Norman conquest |
| Statement of responsibility, etc. | by Thomas Hodgkin |
| 260 ## - PUBLICATION, DISTRIBUTION, ETC. | |
| Place of publication, distribution, etc. | London |
| Name of publisher, distributor, etc. | Longmans |
| Date of publication, distribution, etc. | 1906 |
| 300 ## - PHYSICAL DESCRIPTION | |
| Extent | 528p. |
| 440 ## - SERIES STATEMENT/ADDED ENTRY--TITLE | |
| Title | Political History of Englans, vol.1 |
| 650 ## - SUBJECT ADDED ENTRY--TOPICAL TERM | |
| Topical term or geographic name entry element | U.K. - History |
No items available.
